| 000 | 01155nam a22002657a 4500 | ||
|---|---|---|---|
| 005 | 20170124103000.0 | ||
| 010 | _aA-703800 | ||
| 020 | _c125.00 | ||
| 035 | _aA-703800 | ||
| 037 | _bCen Lib/Ret | ||
| 040 |
_aDPL _bHN |
||
| 082 |
_aउ _bज़ोलाए |
||
| 100 |
_aज़ोला, एमिल _954317 |
||
| 245 |
_aजीने के लिए / _cएमिल ज़ोला; अनुवादक साधना सर्वटे |
||
| 246 |
_aJeene ke liye / _bby Emil Zola; anuvadak Sadhna Sarvate |
||
| 260 |
_aदिल्ली _bजनवाणी प्रकाशन _c1995 |
||
| 270 |
_a30/22-A, गालो न. 9 विश्वास नगर, शाहदरा _bदिल्ली _e110032 |
||
| 300 |
_a219पृ. _c20सेमी (सजिल्द) |
||
| 650 |
_a हिन्दी साहित्य _954318 |
||
| 650 |
_a हिन्दी साहित्य -- उपन्यास _946379 |
||
| 650 |
_aHindi literature _954319 |
||
| 650 |
_aHindi literature -- Fiction _954320 |
||
| 700 |
_aसर्वटे, साधना _954321 |
||
| 942 |
_2ddc _cHN _hउ _mज़ोलाए |
||
| 999 |
_c113894 _d113894 |
||